000 00632nam a2200205 i 4500
001 162939
003 ES-MaACL
005 20250725062545.0
008 001107s1863 sp |||| | spa d
040 _aLR
_bspa
_cLR
100 1 _aRamos, M.
_9131581
245 1 0 _aPrograma de un curso de física y química /
_cpor M. Ramos.
250 _a2ª ed. rev. y aum.
260 _aMadrid :
_bImp. y librería de E. Aguado,
_c1863.
300 _a205 p. ;
_c15 cm.
650 0 7 _aFísica
_2embne
_912877
650 0 7 _aQuímica
_2embne
_916625
852 _aES-MaACL
_jD-3810
_z- Enc. pasta española
999 _c162939
_d162939